LEADER 01075nam a2200169 i 4500 001 000000217680 003 CaOOAMICUS 005 20121212000000.0 008 121212s1844 xx u000 u lat u 013 $a196577 040 $aSeMil$bita 245 10$aBenedicti 14. ... opus De Servorum Dei beatificatione, et beatorum canonizatione in septem volumina distributum. Tomus decimus. Continens Institutiones Ecclesiasticas ad usum academiae liturgicae conimbricensis. 300 $aX, 593 p. 773 0 $aBenedictus XIV $tBenedicti 14. Pont. Opt. Max. opera omnia in tomos 17 distributa.$bEditio novissima ad postremam remondinianam omnino exacta.$dPrati : Typographia Aldina, 1839-1852.$g10$w()27828 850 $aSeMil 852 $aSeMil$W1$xVenegono$y1$m2H IV 11 FA$j168094$B168094$CSeMilBibl$Z2$F178870 $8I 996 $6245$aBenedicti 14. ... opus De Servorum Dei beatificatione, et beatorum canonizatione in septem volumina distributum. Tomus decimus. Continens Institutiones Ecclesiasticas ad usum academiae liturgicae conimbricensis$9(OLS)http://semarc/title/312742 LEADER 00598nam a2200181 i 4500 001 000000070524 003 CaOOAMICUS 005 20080821000000.0 008 080821n fr u000 u fre u 013 $a41696 040 $aSeMil$bita 100 1 $aAyrault, Roger.$0(OLS)http://semarc/name/8921 245 10$a1 /$cRoger Ayrault. 300 $a382 p. 773 0 $aAyrault, Roger$tGenèse du Romantisme allemand.$dParis : Aubier, 1961.$g1$w()19960 850 $aSeMil 852 $aSeMil$W1$xVenegono$y1$m2P II 421$j36677$B36677$CSeMilBibl$Z2$F36680 $81 996 $6245$a1$9(OLS)http://semarc/title/46247 LEADER 00964nam a2200205 i 4500 001 000000081770 003 CaOOAMICUS 005 20180621000000.0 008 180621s1864 xx u000 u fre u 013 $a54010 040 $aSeMil$bita 100 1 $aBerthelot, Marcellin <1827-1907>.$0(OLS)http://semarc/name/91772 245 10$aLeçons sur les méthodes générales de synthèse en chimie organique, professées en 1864 au Collége de France /$cpar M. Berthelot. 260 $aParis :$bGauthier-Villars,$c1864. 300 $aXXI, 524 p. ;$c23 cm. 650 4$aChimica organica.$0(OLS)http://semarc/subject/37913 850 $aSeMil 852 $aSeMil$W1$xVenegono$y1$m3W IV 53 FA$j46961$B46961$CSeMilBibl$Z2$F49369 $8I 996 $6245$aLeçons sur les méthodes générales de synthèse en chimie organique, professées en 1864 au Collége de France$9(OLS)http://semarc/title/404741 996 $6260$aParis :$bGauthier-Villars$9(OLS)http://semarc/publisher/30424